000 00387nam a22001577a 4500
005 20251108175927.0
008 250721s2018 xx 000 0 eng d
082 1 4 _aJ/F/PRI
245 1 4 _aThe PRINCE and the PAUPER /
264 1 _aUttar pradesh :
_bOM KIDS,
_c2018.
300 _a16P.
650 1 7 _aFiction
650 1 7 _achildren's literature
942 _2ddc
_cBK
999 _c145710
_d145710